| 000 -CABECERA |
| Campo de control de longitud fija |
01990nam a22003377a 4500 |
| 003 - IDENTIFICADOR DEL NÚMERO DE CONTROL |
| Campo de control |
OSt |
| 005 - FECHA Y HORA DE LA ÚLTIMA TRANSACCIÓN |
| Campo de control |
20260416154626.0 |
| 008 - CÓDIGOS DE INFORMACIÓN DE LONGITUD FIJA |
| Campo de control de longitud fija |
260409t2023 xxu||||| |||| 00| 0 eng d |
| 020 ## - NÚMERO INTERNACIONAL NORMALIZADO PARA LIBROS (ISBN) |
| Número Internacional Normalizado para Libros (ISBN) |
9789811987182 |
| 020 ## - NÚMERO INTERNACIONAL NORMALIZADO PARA LIBROS (ISBN) |
| Número Internacional Normalizado para Libros (ISBN) |
9789811987175 |
| 040 ## - FUENTE DE LA CATALOGACIÓN |
| Centro catalogador de origen |
Unicoc |
| Lengua de catalogación |
spa |
| Centro que cataloga |
Bogotá (Dr. David Ordóñez Rueda) - Campus Norte |
| Centro modificador |
Bogotá (Dr. David Ordóñez Rueda) - Campus Norte |
| 082 ## - NÚMERO DE LA CLASIFICACIÓN DECIMAL DEWEY |
| Número de clasificación |
617.695 |
| 100 ## - PUNTO DE ACCESO PRINCIPAL - NOMBRE DE PERSONA |
| 9 (RLIN) |
12889 |
| Nombre de persona |
Thomas, Sabu |
| 245 ## - MENCIÓN DE TÍTULO |
| Título |
Nanomaterials in dental medicine |
| Mención de responsabilidad etc. |
/ Sabu Thomas, R. M. Baiju |
| 250 ## - MENCIÓN DE EDICIÓN |
| Mención de edición |
1 Ed. |
| 260 ## - PUBLICATION, DISTRIBUTION, ETC. (IMPRINT) |
| Lugar de publicación distribución etc. |
Singapore : |
| Nombre del editor distribuidor etc. |
Springer . |
| Fecha de publicación distribución etc. |
2023 |
| 300 ## - DESCRIPCIÓN FÍSICA |
| Extensión |
264 páginas |
| Otras características físicas |
Ilustraciones, diagramas, tablas, gráficas |
| 440 ## - MENCIÓN DE SERIE |
| 9 (RLIN) |
12891 |
| Título |
Materials Horizons: From Nature to Nanomaterials |
| 500 ## - NOTA GENERAL |
| Nota general |
Incluye referencias bibliográficas |
| 505 ## - NOTA DE CONTENIDO CON FORMATO |
| Título |
1. Nanotechnology and medicine: the interphase. -- |
| -- |
2. Nanotechnology in oral and dental diagnosis. -- |
| -- |
3. Nanotechnology for oral disease prevention. -- |
| -- |
4. Nanocomposites and other restorative materials. -- |
| -- |
5. Sustained drug delivery the nano advantage. -- |
| -- |
6. Nanotechnology for Pain free dentistry. -- |
| -- |
7. Nanorobotics in dentistry. -- |
| -- |
8. Nanotechnology in regenerative dental medicine. -- |
| -- |
9. Nanotechnology in dental implantology. -- |
| -- |
10. Applications of nanoscience and nanotechnology in oral. -- |
| -- |
11. Nano structured materials in dental medicine from laboratory to industry: new opportunities, challenges and risks. -- |
| -- |
12. Bioceramic dental inserts based on calcium phosphate nano-particles. -- |
| -- |
13. Potential hazards of nanostructured dental materials. |
| 526 ## - NOTA DE INFORMACIÓN SOBRE EL PROGRAMA DE ESTUDIO |
| Institución que aplica el campo |
Unicoc |
| 546 ## - NOTA DE LENGUA |
| Nota de lengua |
Inglés |
| 650 #0 - PUNTO DE ACCESO ADICIONAL DE MATERIA - TÉRMINO DE MATERIA |
| 9 (RLIN) |
12892 |
| Término de materia o nombre geográfico como elemento inicial |
Nanotecnología |
| 650 #0 - PUNTO DE ACCESO ADICIONAL DE MATERIA - TÉRMINO DE MATERIA |
| 9 (RLIN) |
61 |
| Término de materia o nombre geográfico como elemento inicial |
Biomateriales |
| Subdivisión de materia general |
Odontología |
| 650 #0 - PUNTO DE ACCESO ADICIONAL DE MATERIA - TÉRMINO DE MATERIA |
| 9 (RLIN) |
60 |
| Término de materia o nombre geográfico como elemento inicial |
Materiales dentales |
| 658 #0 - TÉRMINO DE INDIZACIÓN - OBJETIVO CURRICULAR |
| 9 (RLIN) |
8315 |
| Programa Académico |
Programa de Odontología |
| 658 #0 - TÉRMINO DE INDIZACIÓN - OBJETIVO CURRICULAR |
| 9 (RLIN) |
8073 |
| Programa Académico |
Especialización en Prostodoncia |
| 700 ## - PUNTO DE ACCESO ADICIONAL - NOMBRE DE PERSONA |
| 9 (RLIN) |
12890 |
| Nombre de persona |
Baiju, R. M. |
| 856 ## - LOCALIZACIÓN Y ACCESO ELECTRÓNICOS |
| Texto del enlace |
Acceso online exclusivo para comunidad Unicoc. |
| Identificador Uniforme del Recurso (URI) |
https://unicoceduco-my.sharepoint.com/:b:/g/personal/direccionbiblioteca_unicoc_edu_co/IQB4neKLeviHSaNI3sVYPyTjAfwQTEG4l6ULHpx7zS1j9ms |
| 942 ## - ENTRADA PARA ELEMENTOS AGREGADOS (KOHA) |
| Fuente de clasificación o esquema de ordenación en estanterías |
|
| Koha [por defecto] tipo de item |
Libro electrónico |